书目信息 |
| 题名: |
数学建模习题解答
|
|
| 作者: | 沈继红 主编 | |
| 分册: | ||
| 出版信息: | 哈尔滨 哈尔滨工程大学出版社 2002.07 |
|
| 页数: | 195页 | |
| 开本: | 20cm | |
| 丛书名: | ||
| 单 册: | ||
| 中图分类: | O141.4-44 | |
| 科图分类: | ||
| 主题词: | 数理逻辑 , 数学基础 | |
| 电子资源: | ||
| ISBN: | 7-81073-327-3 | |
| 000 | 00586nam0 2200205 45 | |
| 001 | 0435181230 | |
| 005 | 2004051009462115 | |
| 010 | @a7-81073-327-3@dCNY 9.00 | |
| 100 | @a20040510d2002 km y0chiy0120 ea | |
| 101 | 0 | @achi |
| 102 | @aCN@b410000 | |
| 200 | 1 | @a数学建模习题解答@AShu Xue Jian Mo Xi Ti Jie Da@f沈继红主编@FShen Ji Hong Zhu Bian |
| 210 | @a哈尔滨@c哈尔滨工程大学出版社@d2002.07 | |
| 215 | @a195页@d20cm | |
| 606 | 0 | @a数理逻辑 |
| 606 | 0 | @a数学基础 |
| 690 | @aO141.4-44@v4 | |
| 701 | 0 | @a沈继红@AShen Ji Hong@4主编 |
| 801 | 0 | @aCN@bPFT@c20040510 |
| 905 | @dO141.4-44@eS392 | |
| 数学建模习题解答/沈继红主编.-哈尔滨:哈尔滨工程大学出版社,2002.07 |
| 195页;20cm |
| ISBN 7-81073-327-3:CNY 9.00 |
| ● |
| 相关链接 |
|
|
|
正题名:数学建模习题解答
索取号:O141.4-44/S392
 
预约/预借
| 序号 | 登录号 | 条形码 | 馆藏地/架位号 | 状态 | 备注 |
| 1 | 397011 | 203970113 | 数理学院资料室/ [索取号:O141.4-44/S392] | 在馆 | |
| 2 | 397012 | 203970122 | 自科库401/401自科库 40排4列1层/ [索取号:O141.4-44/S392] | 在馆 | |
| 3 | 397013 | 203970131 | 期刊室512/401自科库 40排3列5层/ [索取号:O141.4-44/S392] | 在馆 |